书目信息 |
| 题名: |
化工应用数学分析
|
|
| 作者: | 王金福 编著 | |
| 分册: | ||
| 出版信息: | 北京 化学工业出版社 2006 |
|
| 页数: | 364页 | |
| 开本: | 26cm | |
| 丛书名: | ||
| 单 册: | ||
| 中图分类: | TQ011 | |
| 科图分类: | ||
| 主题词: | 化学工程--数学分析 , 化学工程 , 数学分析 | |
| 电子资源: | ||
| ISBN: | 7-5025-8728-4 | |
| 000 | 01160nam0 2200277 450 | |
| 001 | 012007822753 | |
| 005 | 20070517111721.10 | |
| 010 | @a7-5025-8728-4@dCNY45.00 | |
| 100 | @a20070508d2006 km y0chiy0120 ea | |
| 101 | 0 | @achi |
| 102 | @aCN@b110000 | |
| 105 | @ay z 000yy | |
| 106 | @ar | |
| 200 | 1 | @a化工应用数学分析@Ahua gong ying yong shu xue fen xi@f王金福编著@Fwang jin fu bian zhu |
| 210 | @a北京@c化学工业出版社@d2006 | |
| 215 | @a364页@d26cm | |
| 330 | @a本书分为工程数学基础和化工相关微分方程解析方法两部分内容。工程学基础部分介绍了化工数学模型、微分方程概论、场论初步、复变函数、积分变换等,选取了与化工科学研究和技术开发密切相关的知识和相关理论及方法;化工相关微分方程解析方法介绍了与常微分方程、常微分方程组、偏微分方程和偏微分方程组相关的基本理论和方法,内容从满足化工科学研究和工程技术开发的需要出发,以介绍解析求解方法为主。 | |
| 333 | @a研究生教学用书 | |
| 510 | 1 | @aApplied mathematical analysis in chemical engineering@zeng |
| 606 | 0 | @a化学工程@x数学分析 |
| 606 | 0 | @a化学工程 |
| 606 | 0 | @a数学分析 |
| 690 | @aTQ011@v4 | |
| 701 | 0 | @a王金福@Awang jin fu@4编著 |
| 801 | 0 | @aCN@bRULIN@c20070517 |
| 905 | @dTQ011@e107@s8 | |
| 化工应用数学分析/王金福编著.-北京:化学工业出版社,2006 |
| 364页;26cm |
| 使用对象:研究生教学用书 |
| ISBN 7-5025-8728-4:CNY45.00 |
| 本书分为工程数学基础和化工相关微分方程解析方法两部分内容。工程学基础部分介绍了化工数学模型、微分方程概论、场论初步、复变函数、积分变换等,选取了与化工科学研究和技术开发密切相关的知识和相关理论及方法;化工相关微分方程解析方法介绍了与常微分方程、常微分方程组、偏微分方程和偏微分方程组相关的基本理论和方法,内容从满足化工科学研究和工程技术开发的需要出发,以介绍解析求解方法为主。 |
| ● |
| 相关链接 |
|
|
|
|
正题名:化工应用数学分析
索取号:TQ011/107
 
预约/预借
| 序号 | 登录号 | 条形码 | 馆藏地/架位号 | 状态 | 备注 |
| 1 | 0578179 | 205781796 | 第二样本阅览室/ [索取号:TQ011/107] | 在馆 | |
| 2 | 0578180 | 205781803 | 密集书库/ [索取号:TQ011/107] | 在馆 | |
| 3 | 0578181 | 205781812 | 密集书库/ [索取号:TQ011/107] | 在馆 | |
| 4 | 0578182 | 205781821 | 第三借阅区/ [索取号:TQ011/107] | 在馆 | |
| 5 | 0578183 | 205781830 | 第三借阅区/ [索取号:TQ011/107] | 在馆 | |
| 6 | 0578184 | 205781849 | 第三借阅区/ [索取号:TQ011/107] | 在馆 | |
| 7 | 0578185 | 205781858 | 第三借阅区/ [索取号:TQ011/107] | 在馆 | |
| 8 | 0578186 | 205781867 | 密集书库/ [索取号:TQ011/107] | 在馆 |